000 00297nam a22001337a 4500
008 171018b xxu||||| |||| 00| 0 eng d
020 _a9780030245930
041 _aeng
080 _22ND
_a338
100 _a53
101 _aMEN
245 _aUNDERSTANDING MANAGEMENT
_cDAFT,R.L
942 _2udc
_cBK
999 _c34767
_d34767